Statistics for Five Biggest Oil Producing Countries by Continent

Click here to take the quiz!

General Stats

  • This quiz has been taken 1,009 times
  • The average score is 23 of 27

Answer Stats

Continent Barrels / Day Country % Correct
North America13,973,000United States
99%
Asia/Europe10,853,000Russia
98%
North America4,383,000Canada
98%
North America2,812,000Mexico
97%
Oceania478,000Australia
96%
Europe906,000United Kingdom
96%
Asia11,624,000Saudi Arabia
96%
South America2,950,000Brazil
95%
Oceania50,000New Zealand
94%
South America2,689,000Venezuela
93%
South America1,016,000Colombia
91%
Europe1,904,000Norway
91%
Asia3,375,000Iran
91%
South America715,000Argentina
90%
Asia4,572,000China
89%
Africa2,427,000Nigeria
89%
Africa1,721,000Algeria
87%
Africa516,000Libya
86%
Africa667,000Egypt
85%
Asia3,471,000United Arab Emirates
82%
South America557,000Ecuador
81%
Oceania34,000Papua New Guinea
81%
North America49,000Cuba
80%
Europe169,000Italy
68%
Europe171,000Denmark
57%
Africa1,756,000Angola
55%
North America116,000Trinidad and Tobago
41%

Score Distribution

Percentile by Number Answered

Percent of People with Each Score

Your Score History

You have not taken this quiz